000 01144cam a2200301 4500
008 090401t1999 xxu||||| |||| 00| 0 eng d
020 _a0854069313
022 _a1464648X
035 _a(Sirsi) u89995
041 _aeng
050 _a658.990285
110 _aRoyal Institution of Chartered Surveyors
_94900
245 4 _aThe application of information technology in the management of construction.
260 _aLondon
_bRICS
_c1999
300 _a29p. ; 30cm.
350 _a6.95
490 _aRICS Research Review Series
520 _aSub-title: One of the main challenges facing the construction industry is how to improve the efficiency of the construction management process. What contribution can the effective use of information technology make to this? Produced in collaboration with Norwest Holst Ltd.
650 _aCONSTRUCTION MANAGEMENT
_96230
650 _aCONTRACT MANAGEMENT
650 _aMANAGEMENT-BUSINESS MANAGEMENT-INFORMATION MANAGEMENT
650 _aPROJECT CONTROL
690 _aBUILT ENVIRONMENT
700 _aAlshawi, Mustafa
700 _aUnderwood, John
942 _n0
948 _c27/11/1998
999 _c97524
_d97524